Fundamentals of statistical thermodynamics / (Record no. 8691)

MARC details
000 -LEADER
fixed length control field 01010nam a2200313 i 4500
003 - CONTROL NUMBER IDENTIFIER
control field OSt
005 - DATE AND TIME OF LATEST TRANSACTION
control field 20240621114940.0
008 - FIXED-LENGTH DATA ELEMENTS--GENERAL INFORMATION
fixed length control field 781115c19681966nyua b 001 0 eng d
010 ## - LIBRARY OF CONGRESS CONTROL NUMBER
LC control number 65027654
035 ## - SYSTEM CONTROL NUMBER
System control number AAM4294LB
035 ## - SYSTEM CONTROL NUMBER
System control number (OCoLC)ocm04375542
040 ## - CATALOGING SOURCE
Original cataloging agency CLU
Transcribing agency MUST
Modifying agency SMI
-- WaOLN
049 ## - LOCAL HOLDINGS (OCLC)
Holding library SMIL
082 ## - DEWEY DECIMAL CLASSIFICATION NUMBER
Classification number 536 SON 1966
100 1# - MAIN ENTRY--PERSONAL NAME
Personal name Sonntag, Richard Edwin
9 (RLIN) 17570
245 10 - TITLE STATEMENT
Title Fundamentals of statistical thermodynamics /
Statement of responsibility, etc. Richard E. Sonntag & Gordon J. Van Wylen.
250 ## - EDITION STATEMENT
Edition statement 1st corrected printing.
260 ## - PUBLICATION, DISTRIBUTION, ETC. (IMPRINT)
Place of publication, distribution, etc. New York :
Name of publisher, distributor, etc. Wiley,
Date of publication, distribution, etc. 1966.
300 ## - PHYSICAL DESCRIPTION
Extent xx, 370 p. :
Other physical details ill. ;
Dimensions 24 cm.
490 1# - SERIES STATEMENT
Series statement Series in thermal and transport sciences
500 ## - GENERAL NOTE
General note Includes index.
504 ## - BIBLIOGRAPHY, ETC. NOTE
Bibliography, etc Bibliography: p. 363.
650 #0 - SUBJECT ADDED ENTRY--TOPICAL TERM
Topical term or geographic name as entry element Statistical thermodynamics
9 (RLIN) 4930
951 ## - EQUIVALENCE OR CROSS-REFERENCE--GEOGRAPHIC NAME/AREA NAME [OBSOLETE] [CAN/MARC only]
Geographic name 114183
700 1# - ADDED ENTRY--PERSONAL NAME
Personal name Van Wylen, Gordon J.
Fuller form of name (Gordon John),
Dates associated with a name 1920-
9 (RLIN) 17571
740 0# - ADDED ENTRY--UNCONTROLLED RELATED/ANALYTICAL TITLE
Uncontrolled related/analytical title Statistical thermodynamics.
830 #0 - SERIES ADDED ENTRY--UNIFORM TITLE
Uniform title Series in thermal and transport sciences.
9 (RLIN) 17572
942 ## - ADDED ENTRY ELEMENTS (KOHA)
Source of classification or shelving scheme Dewey Decimal Classification
Koha item type Open Shelf
Holdings
Withdrawn status Lost status Source of classification or shelving scheme Damaged status Not for loan Home library Current library Date acquired Source of acquisition Inventory number Total Checkouts Full call number Barcode Date last seen Price effective from Koha item type
    Dewey Decimal Classification     MUST Main Library MUST Main Library 21/06/2024 Purchase 1998/11948   536 SON 1966 2024-20988 21/06/2024 21/06/2024 Open Shelf